Manab adhikar. (Record no. 992)

MARC details
000 -LEADER
fixed length control field 00464cam a2200193ua 4500
001 - CONTROL NUMBER
control field 1076
005 - DATE AND TIME OF LATEST TRANSACTION
control field 20260515113255.0
008 - FIXED-LENGTH DATA ELEMENTS--GENERAL INFORMATION
fixed length control field 110427n ii |||gr||||Z||||||eng
040 ## - CATALOGING SOURCE
Transcribing agency MAIN
082 ## - DEWEY DECIMAL CLASSIFICATION NUMBER
Classification number 323.4
245 1# - TITLE STATEMENT
Title Manab adhikar.
Statement of responsibility, etc. By Jagyeswar Borah.
250 ## - EDITION STATEMENT
Edition statement 1st.
260 ## - PUBLICATION, DISTRIBUTION, ETC.
Place of publication, distribution, etc. Jorhat.:
Name of publisher, distributor, etc. Unika prakashan.,
Date of publication, distribution, etc. 2004.
300 ## - PHYSICAL DESCRIPTION
Extent 208:
Dimensions 20 cm.
653 ## - INDEX TERM--UNCONTROLLED
Uncontrolled term Political science.
653 ## - INDEX TERM--UNCONTROLLED
Uncontrolled term Manab adhikar.
700 ## - ADDED ENTRY--PERSONAL NAME
Personal name Borah, Jagyeswar.,
942 ## - ADDED ENTRY ELEMENTS (KOHA)
Koha item type Books
Holdings
Withdrawn status Lost status Damaged status Not for loan Home library Current library Shelving location Date acquired Total checkouts Full call number Barcode Date last seen Copy number Price effective from Koha item type Date last checked out
        Naharkatiya College Library Naharkatiya College Library General stacks 09/19/2020   323.4 | BOR 16020 09/19/2020 2 09/19/2020 Books  
        Naharkatiya College Library Naharkatiya College Library General stacks 09/19/2020 3 323.4 | BOR 4262 12/17/2021 1 09/19/2020 Books 11/03/2021